In the heavenlies: (Record no. 5839)

000 -LEADER
fixed length control field 00577nam a2200181 a 4500
001 - CONTROL NUMBER
control field :::00003581$&:&@@
003 - CONTROL NUMBER IDENTIFIER
control field OkBaRHE
005 - DATE AND TIME OF LATEST TRANSACTION
control field 20000607103307.0
008 - FIXED-LENGTH DATA ELEMENTS--GENERAL INFORMATION
fixed length control field j 000 0 eng u
040 ## - CATALOGING SOURCE
Transcribing agency
100 1# - MAIN ENTRY--PERSONAL NAME
Personal name Neighbour, R. E.
245 10 - TITLE STATEMENT
Title In the heavenlies:
Remainder of title a verse by verse exposition of Ephesians.
260 ## - PUBLICATION, DISTRIBUTION, ETC. (IMPRINT)
Place of publication, distribution, etc Cleveland, OH., :
Name of publisher, distributor, etc Union Gospel Press
Date of publication, distribution, etc nd
300 ## - PHYSICAL DESCRIPTION
Extent 151 p. ;
Dimensions 19 cm.
650 ## - SUBJECT ADDED ENTRY--TOPICAL TERM
Topical term or geographic name as entry element Bible New Testament Ephesians
942 ## - ADDED ENTRY ELEMENTS (KOHA)
Source of classification or shelving scheme
Koha item type Books
Copies
Price effective from Lost status Shelving location Barcode Source of classification or shelving scheme Full call number Koha item type Withdrawn status Date acquired Copy number Not for loan Permanent Location Damaged status Date last seen
2010-04-14 General Stacks3581 BS 2695 .N4Books 2010-04-141 RHEMA Bible Training College 2018-04-03